Culture Générale - Statistiques

Statistiques générales
  • Ce quiz a été pris 208 fois
  • Le résultat moyen est 7 sur 20
Statistiques - réponses
Hint Réponse % Correct
D'après la légende, quel animal éleva les fondateurs de Rome ? Une louve
76%
Quelle est la ville que Jeanne d'Arc libéra en 1492 ? Orléans
63%
A quelle chaîne de montagnes appartient l'Everest ? L'Himalaya
59%
Dans quel état des USA se situe la ville de Las Vegas ? Nevada
55%
A quel groupe appartient la marque de soda Fanta ? Coca Cola
54%
Quel animateur dirige sur la radio RTL l'émission "Les grosses têtes" ? Laurent Ruquier
49%
Quel plat célèbre en France est traditionnel de la ville de Castelnaudary ? Le cassoulet
45%
Avec qui le rappeur A$ap Rocky a-t-il une relation amoureuse officielle ? Rihanna
45%
D'après la franchise, de quel Pokémon sont issus tous les autres ? Mew
38%
Quelle franchise NBA détient le plus de titre de Champion de l'histoire ? Boston Celtics
37%
Quel est le nom du personnage principal du jeu vidéo Minecraft ? Steve
37%
Dans la mythologie Grec, qui est le Dieu de la violence et de la destruction ? Arès
34%
Quel est le métier du justicier Daredevil ? Avocat
34%
En quelle année l'esclavage a-t-il été aboli en France ? 1848
29%
Dans quel animé se déroule l'arc "Les fourmis-chimères" ? Hunter X Hunter
29%
Quel texte a permis de mettre fin aux guerres de religions en France ? L'édit de Nantes
14%
Quel nom porte le noir le plus sombre du monde ? Vantablack
14%
Quel dessin animé mets en scène un lapin géant magicien ami avec un garçon ? Rekkit
11%
Quel acteur incarna Batman dans le film "Batman & Robin" de 1997 ? George Clowney
3%
Quel est le plus grand fleuve d'Australie ? Murray
3%
Aucun quiz correspondant
Distribution des résultats
% des personnes avec chaque résultat
Percentile par nombre de réponses
Votre historique - résultats
Vous n’avez pas pris ce quiz